| 000 | 00501nam a22001937a 4500 | ||
|---|---|---|---|
| 003 | CEME | ||
| 005 | 20210628203159.0 | ||
| 008 | 210127b xxu||||| |||| 00| 0 eng d | ||
| 020 | _a9-812-53002-9 | ||
| 040 | _c. | ||
| 082 | _a515.352 BRI | ||
| 100 |
_aBirkhoff, Garrett:Rota, Gian-Carlo _963798 |
||
| 245 | _aOrdinary differential equations | ||
| 250 | _a4TH | ||
| 260 |
_aNEW DELHI _bJOHN WILEY & SONS _c2003 |
||
| 300 | _aXI,399P | ||
| 650 |
_aDIFFERENTIAL EQUATIONS _9688 |
||
| 942 |
_cBK _2ddc |
||
| 999 |
_c572514 _d572514 |
||